| 000 | 00597nam a2200229 a 4500 | ||
|---|---|---|---|
| 999 |
_c10246 _d10246 |
||
| 001 | 10246 | ||
| 003 | BD-JhCC | ||
| 005 | 20180421184757.0 | ||
| 008 | 180421s1964 e a|||| || | 001 0 eng d | ||
| 035 | _a(BD-JhCC)10246 | ||
| 040 |
_aBD-JhCC _dBD-JhCC |
||
| 041 | _aeng | ||
| 082 |
_a320.944082 _bPIC 1964 |
||
| 100 | _aPickles, Dorothy | ||
| 245 |
_aFrance / _cDorothy Pickles, |
||
| 260 |
_aLondon : _bOxford University Press, _c1964. |
||
| 300 |
_a128 p. : _bill. ; _c18 cm. |
||
| 504 | _aIncludes index | ||
| 650 |
_aPolitics and Government _zFrance |
||
| 942 |
_2ddc _cBK |
||